| 000 | 00396nam a22001217a 4500 | ||
|---|---|---|---|
| 082 | _aTHE 200 | ||
| 100 |
_aMOBASHAR LATIF _972640 |
||
| 245 | _aTH-SOF-0970-A STUDY OF 3G4G DEPLOYMENT AND ADOPTION IN ASIA AND FRAMEWORK FOR ITS SUCCESS IN PAKISTAN | ||
| 260 |
_aNUST COLLEGE OF EME _bISLAMABAD _c2001 |
||
| 650 |
_aMS-EM-7 MSTHESIS _969831 |
||
| 700 |
_aDR MOHSIN ISLAM TIWANA _917344 |
||
| 942 | _cCF | ||
| 999 |
_c578636 _d578636 |
||